000 00345nam a2200133Ia 4500
008 230411s9999 xx 000 0 und d
041 _aeng
082 _aX/822/R P/B08916
100 _aR Prasad
_9179959
245 _aThe Hindu Speaks on Scientific Facts
260 _bKasturi and Sons
_aChennai
_c2015
300 _a505p
999 _c158307
_d158307